A hazai UNESCO világörökségi helyszínek digitális turizmusmarketingje
| Szerző: | |
|---|---|
| További közreműködők: | |
| Dokumentumtípus: | Diplomadolgozat |
| Kulcsszavak: | digitális jövő hazai gazdaság kulturális örökség marketingkommunikáció turizmusfejlesztés turizmusföldrajz világörökség |
| Online Access: | http://dolgozattar.uni-bge.hu/59905 |
MARC
| LEADER | 00000nta a2200000 i 4500 | ||
|---|---|---|---|
| 001 | dolg59905 | ||
| 005 | 20260409145727.0 | ||
| 008 | 260409suuuu hu om 000 hun d | ||
| 040 | |a BGE Dolgozattár Repozitórium |b hun | ||
| 041 | |a hu | ||
| 100 | 1 | |a Nemoda Dóra | |
| 245 | 1 | 2 | |a A hazai UNESCO világörökségi helyszínek digitális turizmusmarketingje |c Nemoda Dóra |h [elektronikus dokumentum] |
| 520 | 3 | |a A dolgozat a hazai világörökségi helyszínek digitális turizmusmarketingjét vizsgálja, kiemelve az online kommunikáció szerepét a turisztikai vonzerő növelésében. Elemzésre kerülnek a hazai UNESCO világörökségi helyszínek és azok turizmusmarketingjét és marketingstratégiáját felépítő egységei és fejlesztésre váró oldalai: fókuszban az online eszközök szerepe, a látogatószám növelése és a helyszínek nemzetközi láthatóságának erősítése. Emellett, vizsgálat alá kerülnek a desztinációk hivatalos weboldalai, közösségimédia-felületei és digitális kampányainak hatékonysága, valamint prioritást élvez a célcsoport-orientált, élményalapú online stratégiák fejlesztésének fontossága. Ugyan a hazai helyszínek marketingstratégiáinak kiépítettsége haladó fázisban van, még mindig akadnak kiaknázatlan területek. | |
| 695 | |a digitális jövő | ||
| 695 | |a hazai gazdaság | ||
| 695 | |a kulturális örökség | ||
| 695 | |a marketingkommunikáció | ||
| 695 | |a turizmusfejlesztés | ||
| 695 | |a turizmusföldrajz | ||
| 695 | |a világörökség | ||
| 700 | 1 | |a Hóka Péter |e ths | |
| 856 | 4 | 0 | |u http://dolgozattar.uni-bge.hu/59905/1/A%20hazai%20UNESCO%20vil%C3%A1g%C3%B6r%C3%B6ks%C3%A9gi%20helysz%C3%ADnek%20digit%C3%A1lis%20turizmusmarketingje.pdf |z Dokumentum-elérés |
| 856 | 4 | 0 | |u http://dolgozattar.uni-bge.hu/59905/2/Bi%CC%81ra%CC%81lati%20lap_BSc_2025%20Nemoda%20Do%CC%81ra.docx%20%281%29_20250519200514.pdf |z Dokumentum-elérés |
| 856 | 4 | 0 | |u http://dolgozattar.uni-bge.hu/59905/3/B%C3%ADr%C3%A1lati%20lap_BSc_2025%20Nemoda%20D%C3%B3ra.docx.pdf |z Dokumentum-elérés |